logo

Bir Sreshtho Munshi Abdur Rouf Library
Jhenaidah Cadet College

টেনিদা সমগ্র / (Record no. 10975)

MARC details
000 -LEADER
fixed length control field 00899nam a2200229 a 4500
001 - CONTROL NUMBER
JCCL Control Number 10975
003 - CONTROL NUMBER IDENTIFIER
JCCL marc code BD-JhCC
005 - DATE AND TIME OF LATEST TRANSACTION
control field 20220814134022.0
008 - FIXED-LENGTH DATA ELEMENTS--GENERAL INFORMATION
fixed length control field 190610s2002 ii |||| |||| 000 0 ben d
020 ## - INTERNATIONAL STANDARD BOOK NUMBER
International Standard Book Number 817255026
035 ## - SYSTEM CONTROL NUMBER
system control number (BD-JhCC)10975
040 ## - CATALOGING SOURCE
Original cataloging agency BD-JhCC
Modifying agency BD-JhCC
041 ## - LANGUAGE CODE
Language code of Book ben
082 ## - DEWEY DECIMAL CLASSIFICATION NUMBER
Classification number 891.443
Author mark and Year NAR 2002
100 ## - MAIN ENTRY--PERSONAL NAME
Personal name গঙ্গোপাধ্যায়, নারায়ণ
245 ## - TITLE STATEMENT
Title টেনিদা সমগ্র /
Statement of responsibility, etc নারায়ণ গঙ্গোপাধ্যায়, এবং সম্পাদনায় প্রণবকুমার মুখোপাধ্যায়
260 ## - PUBLICATION, DISTRIBUTION, ETC. (IMPRINT)
Place of publication, distribution, etc কলিকাতা :
Name of publisher, distributor, etc আনন্দ,
Date of publication, distribution, etc ২০০২.
300 ## - PHYSICAL DESCRIPTION
Pagination ৫০৪ পৃ. :
Dimensions ২০ সেমি.
650 ## - SUBJECT ADDED ENTRY--TOPICAL TERM
Topical term or geographic name as entry element Bengali Novel
700 ## - ADDED ENTRY--PERSONAL NAME
Personal name মুখোপাধ্যায়, প্রণবকুমার
942 ## - ADDED ENTRY ELEMENTS (KOHA)
Source of classification or shelving scheme Dewey Decimal Classification
Koha item type Books
Koha issues (borrowed), all copies 10
Holdings
Source of classification or shelving scheme Damaged status Not for loan Home library Current library Shelving location Date of accession Cost, normal purchase price Total Checkouts Full call number Barcode Date last seen Date checked out Copy number Koha item type
Dewey Decimal Classification     JCC Rouf Library JCC Rouf Library General Stacks 06/10/2019 300.00 8 891.443 NAR 2002 14670 08/14/2023 08/10/2023 C-1 Books

JCC Library | Contacts | JCC Home

Last Update on 23 September 2017
Copyright @ 2017-2020 JCC Rouf Library
Rouf Library, Jhenidah Cadet College (JCC), Bangladesh